top 10 megacities - Statistics

General Stats
  • This quiz has been taken 12 times
  • The average score is 5 of 10
Answer Stats
Answer % Correct
1 Tokyo
100%
5 Ciudad de Mexico
83%
2 Delhi
75%
4 Sao Paulo
75%
8 Beijing
58%
6 Dhaka
50%
10 Osaka
42%
9 Bombay
8%
7 Le caire
8%
3 Shangaï
8%
No matching quizzes found
Score Distribution
Percent of People with Each Score
Percentile by Number Answered
Your Score History
You have not taken this quiz